BSOP header

Karl Barth; (Record no. 16998)

MARC details
000 -LEADER
fixed length control field 00574nam a2200145 4500
008 - FIXED-LENGTH DATA ELEMENTS--GENERAL INFORMATION
fixed length control field 030917s1965 nju 000 0 eng
090 ## - LOCALLY ASSIGNED LC-TYPE CALL NUMBER (OCLC); LOCAL CALL NUMBER (OCLC)
Classification number (OCLC) (R) ; Classification number, CALL (RLIN) (NR) BX4827.B3
Local cutter number (OCLC) ; Book number/undivided call number, CALL (RLIN) W66k
100 1# - MAIN ENTRY--PERSONAL NAME
Personal name Willems, Boniface A.,
Dates associated with a name 1926-
245 10 - TITLE STATEMENT
Title Karl Barth;
Remainder of title an ecumenical approach to his theology,
Statement of responsibility, etc by B. A. Willems. Translated by Matthew J. van Velzen.
260 ## - PUBLICATION, DISTRIBUTION, ETC. (IMPRINT)
Place of publication, distribution, etc Glen Rock, N.J.
Name of publisher, distributor, etc Paulist Press
Date of publication, distribution, etc [1965]
300 ## - PHYSICAL DESCRIPTION
Extent 128 p.
Other physical details (p. 119-128 advertisements)
Dimensions 18 cm.
490 1# - SERIES STATEMENT
Series statement Deus books
600 14 - SUBJECT ADDED ENTRY--PERSONAL NAME
Personal name Barth, Karl,
Dates associated with a name 1886-1968.
951 ## - EQUIVALENCE OR CROSS-REFERENCE-GEOGRAPHIC NAME/AREA NAME [OBSOLETE] [CAN/MARC only]
General subdivision 00025432
951 ## - EQUIVALENCE OR CROSS-REFERENCE-GEOGRAPHIC NAME/AREA NAME [OBSOLETE] [CAN/MARC only]
-- 26461
-- BX4827.B3/W66k
-- 070613111312734
-- 2000-12-21
-- GC
Holdings
Withdrawn status Lost status Damaged status Not for loan Home library Current library Shelving location Date acquired Accession number Shelving control number Total Checkouts Full call number Barcode Date last seen Price effective from Koha item type
        BSOP Library BSOP Library GC 12/21/2000 26461 127   BX4827.B3/W66k 00025432 02/23/2013 02/23/2013 Books
BSOP

Biblical Seminary of the Philippines
  All rights Reserved
  © 2024

CONTACT INFORMATION

Biblical Seminary of the Philippines,
  77-B Karuhatan Road, Valenzuela City,
  PHILIPPINES 1441
  Phone: +632 8292-6795 / 8292-6798
  Fax : +632 8292-6675
  Email: library@bsop.edu.ph